[Event "GER-chT U10"]
[Site "Magdeburg"]
[Date "2014.12.28"]
[Round "4.1"]
[White "Saage, Paul"]
[Black "Fritsch, Lea"]
[Result "0-1"]
[WhiteElo "907"]
[BlackElo "879"]
[PlyCount "104"]
[EventDate "2014.12.27"]
[EventType "team-swiss"]
[EventRounds "7"]
[EventCountry "GER"]
[SourceTitle "EXT 2016"]
[Source "ChessBase"]
[SourceDate "2015.10.08"]
[SourceVersion "1"]
[SourceVersionDate "2015.10.08"]
[SourceQuality "1"]
[WhiteTeam "Luebeck II"]
[BlackTeam "Halle Volksbank"]
[WhiteTeamCountry "GER"]
[BlackTeamCountry "GER"]

1. e4 c5 2. Nf3 Nc6 3. Nc3 e6 4. Bb5 a6 5. Bxc6 dxc6 6. 0-0 Bd7 7. e5 Be7 8. d3 Qc7 9. Bf4 f6 10. Qd2 0-0-0 11. exf6 Bd6 12. Ne2 Nxf6 13. Rad1 Rhf8 14. d4 cxd4 15. Qxd4 Bxf4 16. Nxf4 Nd5 17. Qa7 Nxf4 18. Qa8+ Qb8 19. Qxb8+ Kxb8 20. Ne5 Kc7 21. Rd2 c5 22. Rfd1 Bc6 23. Nxc6 bxc6 24. g3 Nh3+ 25. Kg2 Ng5 26. f4 Ne4 27. Kf3 Nxd2+ 28. Ke2 Nc4 29. b3 Nb6 30. a4 Rxd1 31. Kxd1 Rd8+ 32. Kc1 a5 33. h4 Rf8 34. c4 Kd6 35. h5 e5 36. Kd2 exf4 37. gxf4 Rxf4 38. Ke3 Rd4 39. Ke2 g6 40. hxg6 hxg6 41. Ke3 g5 42. Kf3 g4+ 43. Kg3 Nd7 44. Kg2 Nf6 45. Kg1 Rd2 46. Kf1 g3 47. Kg1 Nh7 48. Kh1 Ng5 49. Kg1 Ne6 50. Kh1 Nf4 51. Kg1 Kc7 52. Kh1 Rd1# 0-1